000 002690000a22000970004500
100 1 _aHoulden, J.L.
245 1 0 _aEnlightenment, establishment and the word
300 _aNúm 78 (2000), Páginas 67-82
773 0 _tJournal for the Study of the New Testament
942 _cANA
999 _c55959
_d55959